000 00493nam a2200181Ia 4500
005 20231213101212.0
008 131103s9999 xx 000 0 und d
040 _aLoreto College
041 _aEnglish
082 _a403
_bPUL
245 4 _aThe Modern Crossword Dictionary,
_ccompiled by Norman G.Pulsford
260 _aLondon
_bPan Books Ltd.
_c1967
300 _a555 p.
650 _aModern Crossword Dictionary
700 _aPulsford,Norman G.;comp.
850 _aLCLIB
942 _cBK
999 _c7124
_d57603